Haryana: primary census abstract of scheduled castes (Record no. 482658)

000 -LEADER
fixed length control field 00412cam a22001217a 4500
008 - FIXED-LENGTH DATA ELEMENTS--GENERAL INFORMATION
fixed length control field 180718b1982 xxu||||| |||| 00| 0 eng d
082 ## - DEWEY DECIMAL CLASSIFICATION NUMBER
Classification number A81x54 In2/81/6/Pap3/1981
100 ## - MAIN ENTRY--PERSONAL NAME
Personal name Census of India 1981
245 ## - TITLE STATEMENT
Title Haryana: primary census abstract of scheduled castes
260 ## - PUBLICATION, DISTRIBUTION, ETC.
Place of publication, distribution, etc. Delhi
Name of publisher, distributor, etc. The Controller of Publications
Date of publication, distribution, etc. 1982
300 ## - PHYSICAL DESCRIPTION
Extent 39+p.
440 ## - SERIES STATEMENT/ADDED ENTRY--TITLE
Title Census of India 1981. Series-6. Haryana. Paper 3 of 1981
Holdings
Withdrawn status Lost status Damaged status Not for loan Permanent Location Current Location Date acquired Full call number Barcode Date last seen Price effective from Koha item type
        Indian Institute of Public Administration Indian Institute of Public Administration 2018-08-04 A81x54 In2/81/6/Pap3/1981 G15963 2018-08-04 2018-08-04 G
        Indian Institute of Public Administration Indian Institute of Public Administration 2018-08-04 A81x54 In2/81/6/Pap3/1981 GG19522 2018-08-04 2018-08-04 GG

Powered by Koha